MARC details
| 000 -CABECERA |
| campo de control de longitud fija |
01040nam a2200265 a 4500 |
| 001 - NÚMERO DE CONTROL |
| campo de control |
000021380 |
| 003 - IDENTIFICADOR DEL NÚMERO DE CONTROL |
| campo de control |
OSt |
| 005 - FECHA Y HORA DE LA ÚLTIMA TRANSACCIÓN |
| campo de control |
20250409122710.0 |
| 008 - DATOS DE LONGITUD FIJA--INFORMACIÓN GENERAL |
| campo de control de longitud fija |
100907s1981 dr 000 0 spa d |
| 040 ## - FUENTE DE LA CATALOGACIÓN |
| Centro catalogador/agencia de origen |
DO-SdBNP |
| Lengua de catalogación |
spa |
| Centro/agencia transcriptor |
BNPHU |
| 082 ## - NÚMERO DE LA CLASIFICACIÓN DECIMAL DEWEY |
| Número de clasificación |
972.9382 |
| Número de documento/Ítem |
M524m |
| Número de edición |
22 |
| 100 1# - ENTRADA PRINCIPAL--NOMBRE DE PERSONA |
| Nombre de persona |
Mella Chavier, Georgilio |
| 9 (RLIN) |
44631 |
| 245 10 - MENCIÓN DE TÍTULO |
| Título |
Memorias del Guabatico / |
| Mención de responsabilidad, etc. |
Georgilio Mella Chavier. |
| 260 ## - PUBLICACIÓN, DISTRIBUCIÓN, ETC. |
| Lugar de publicación, distribución, etc. |
San Pedro de Macorís, República Dominicana :, |
| Fecha de publicación, distribución, etc. |
1981. |
| Nombre del editor, distribuidor, etc. |
Universidad Central del Este |
| 300 ## - DESCRIPCIÓN FÍSICA |
| Extensión |
253 p. ; |
| Dimensiones |
23 cm. |
| 490 1# - MENCIÓN DE SERIE |
| Mención de serie |
Universidad Central del Este |
| -- |
Literaria |
| Designación de volumen o secuencia |
3 |
| 590 ## - NOTA LOCAL (RLIN) |
| Nota local |
Inventariado. 2020/VM |
| 650 #4 - PUNTO DE ACCESO ADICIONAL DE MATERIA--TÉRMINO DE MATERIA |
| Término de materia o nombre geográfico como elemento de entrada |
Ciudades y pueblos |
| Subdivisión geográfica |
República Dominicana |
| 9 (RLIN) |
784 |
| 651 #4 - PUNTO DE ACCESO ADICIONAL DE MATERIA--NOMBRE GEOGRÁFICO |
| Nombre geográfico |
San Pedro De Macorís (República Dominicana) |
| Subdivisión general |
Historia Local |
| 9 (RLIN) |
7812 |
| 651 #4 - PUNTO DE ACCESO ADICIONAL DE MATERIA--NOMBRE GEOGRÁFICO |
| Nombre geográfico |
San Pedro De Macorís (República Dominicana) |
| Subdivisión general |
Vida Social Y Costumbres |
| 9 (RLIN) |
7813 |
| 710 1# - PUNTO DE ACCESO ADICIONAL--NOMBRE DE ENTIDAD CORPORATIVA |
| Nombre de entidad corporativa o nombre de jurisdicción como elemento de entrada |
Universidad Central del Este |
| 9 (RLIN) |
37229 |
| 830 #0 - PUNTO DE ACCESO ADICIONAL DE SERIE-TÍTULO UNIFORME |
| Título uniforme |
Universida Central del Este ; Literaria |
| Designación de volumen o secuencia |
3 |
| 9 (RLIN) |
21679 |
| 910 ## - DATOS DE OPCIÓN DEL USUARIO (OCLC) |
| Datos de opción del usuario |
VMateo / Validado. Control de calidad EMS |
| 942 ## - ELEMENTOS DE PUNTO DE ACCESO ADICIONAL (KOHA) |
| Fuente del sistema de clasificación o colocación |
Dewey Decimal Classification |
| Tipo de ítem Koha |
Libro |